Professional in Library and Information Services for User Employment: (Record no. 211797)

MARC details
000 -LEADER
fixed length control field 00750nam a22002057a 4500
005 - DATE AND TIME OF LATEST TRANSACTION
control field 20250613153818.0
010 ## - LCCN (DPL NO)
LC control number ENG-145351
020 ## - INTERNATIONAL STANDARD BOOK NUMBER
International Standard Book Number 9788181984456
Terms of availability 695.00
035 ## - SYSTEM CONTROL NUMBER
System control number EN-128883
037 ## - SOURCE OF ACQUISITION
Source of stock number/acquisition DBAD
082 ## - DEWEY DECIMAL CLASSIFICATION NUMBER
Classification number 025.2
245 ## - TITLE STATEMENT
Title Professional in Library and Information Services for User Employment:
Remainder of title Opportunities and Challenges (Profuse 2017)/
Statement of responsibility, etc Edited by Khaisar Muneebulla Khan...[et.al]
250 ## - EDITION STATEMENT
Edition statement 1
260 ## - PUBLICATION, DISTRIBUTION, ETC. (IMPRINT)
Place of publication, distribution, etc Mangalagangothri
Name of publisher, distributor, etc Department of Library and Information Science
Date of publication, distribution, etc 2017
270 ## - ADDRESS
Address Mangalore University
City Mangalagangothri
Postal code 574199
300 ## - PHYSICAL DESCRIPTION
Extent 698p.
Dimensions 26cm(pb)
700 ## - ADDED ENTRY--PERSONAL NAME
Personal name Sinha , Manoj Kumar
Relator term editor
9 (RLIN) 82017
700 ## - ADDED ENTRY--PERSONAL NAME
Personal name Kharb, Deepa
Relator term editor
9 (RLIN) 82018
942 ## - ADDED ENTRY ELEMENTS (KOHA)
Source of classification or shelving scheme Dewey Decimal Classification
Item type English Books
Call number suffix PRO
Classification part 025.2
Holdings
Withdrawn status Lost status Not for loan Collection code Home library Current library Date acquired Source of acquisition Cost, normal purchase price Full call number Barcode Copy number Cost, replacement price Koha item type
      Non-fiction Kasturba Gandhi Marg Kasturba Gandhi Marg 13/06/2025 DBAD 695.00 PRO 025.2 EN-128883 1 695.00 English Books

© Delhi Public Library
Hit Counter
free hit counter